Derechos del trabajador asalariado /
Colección cuyo objetivo es difundir los derechos que reconoce el sistema jurídico mexicano en distintas materias y en relación con grupos sociales diversos; así como las obligaciones que en cada caso corresponden a los sujetos. Este volumen contiene, en su primera parte, la dimensión conceptual de l...
Uloženo v:
| Hlavní autor: | |
|---|---|
| Další autoři: | |
| Médium: | Kniha |
| Jazyk: | španělština |
| Vydáno: |
México :
Congreso de la Unión, Cámara de Diputados, LVIII Legislatura : UNAM,
2001, c2001
|
| Vydání: | 2a edición |
| Edice: | (Nuestros Derechos)
|
| Témata: | |
| Tagy: |
Žádné tagy, Buďte první, kdo vytvoří štítek k tomuto záznamu!
|
MARC
| LEADER | 00000nam^a2200000^a^4500 | ||
|---|---|---|---|
| 001 | 000148881 | ||
| 005 | 20250521000000.0 | ||
| 009 | 20260310100038.92 | ||
| 020 | |a 968-36-9040-8 | ||
| 020 | |a 968-36-9043-2 | ||
| 037 | |a Acervo ITESO - Biblioteca | ||
| 041 | |a ESP | ||
| 082 | |a 348. 72 |b NUE V. 27 | ||
| 100 | |a Barajas Montes de Oca, Santiago |e (autor) | ||
| 240 | 1 | 1 | |a [Nuestros derechos] |
| 245 | 1 | 0 | |a Derechos del trabajador asalariado / |c S. Barajas Montes de Oca ; presen. de D. Valadés. |
| 250 | |a 2a edición | ||
| 264 | 4 | |a México : |b Congreso de la Unión, Cámara de Diputados, LVIII Legislatura : |b UNAM, |c 2001, c2001 | |
| 300 | |a 73 p. | ||
| 336 | |a texto |b txt |2 rdacontenido | ||
| 337 | |a sin mediación |b n |2 rdamedio | ||
| 338 | |a volumen |b nc |2 rdasoporte | ||
| 440 | 1 | |a (Nuestros Derechos) | |
| 520 | |a Colección cuyo objetivo es difundir los derechos que reconoce el sistema jurídico mexicano en distintas materias y en relación con grupos sociales diversos; así como las obligaciones que en cada caso corresponden a los sujetos. Este volumen contiene, en su primera parte, la dimensión conceptual de los derechos de los asalariados, tanto en términos de lo que establece la Ley Federal del Trabajo, como lo que dice la legislación internacional; salarios, prestaciones, fondos para el retiro, seguridad social, rescisión del contrato, son algunos de los asuntos abordados. La segunda parte se ocupa de los conflictos en la relación obrero-patronal y el papel de las instancias de arbitraje. | ||
| 649 | |a XX | ||
| 650 | |a Obreros - |z México - |x Condiciones Jurídicas | ||
| 650 | |a Empleados - |z México - |x Condiciones Jurídicas | ||
| 650 | |a Relaciones Empleado-Empleador - |z México - |x Aspectos Jurídicos | ||
| 650 | |a Contratos Laborales - |z México - |x Aspectos Jurídicos | ||
| 650 | |a Sueldos y Salarios - |z México - |x Aspectos Jurídicos | ||
| 650 | |a Prestaciones Laborales - |z México - |x Aspectos Jurídicos | ||
| 650 | |a Seguridad Social - |z México - |x Aspectos Jurídicos | ||
| 650 | |a Arbitraje Industrial - |z México | ||
| 650 | |a Derecho Sindical - |z México | ||
| 650 | |a Derecho Laboral - |z México | ||
| 650 | |a Derecho Público - |z México | ||
| 700 | |a Valadés, Diego |e (presentación) | ||
| 910 | |a Fondo General | ||
| 920 | |a Impresos - Libros | ||
| 930 | |a Colección General | ||
| 905 | |a 101 | ||
| 901 | |a 0500078096 |b IT1 |c ACC |u 20250521 | ||
| 902 | |a https://opac.biblio.iteso.mx/vufind/Record/000148881 | ||